000 00528nam a22001817a 4500
003 NUST
005 20260514120114.0
008 260514b ||||| |||| 00| 0 eng d
020 _a 978-1405182256
082 _a550.284
_bPUR
100 _a Sam J. Purkis, Victor V. Klemas.
_9134470
245 _aRemote Sensing and Global Environmental Change /
_c Sam J. Purkis, Victor V. Klemas.
250 _a1st Edition
260 _bWiley-Blackwell,
_c2011.
300 _a384 p ;
_c30.7 cm
563 _aPaperback
942 _2ddc
_cBK
999 _c617462
_d617462